[Event "TOP 16 Poule Haute"]
[Site "Le Port Marly FRA"]
[Date "2009.05.30"]
[Round "10"]
[White "Bauer, Ch"]
[Black "Marcelin, C."]
[Result "1-0"]
[WhiteElo "2605"]
[BlackElo "2495"]
[PlyCount "43"]
[EventDate "2009.05.28"]

1. e4 e5 2. Bc4 Nf6 3. d3 Nc6 4. Nf3 Be7 5. O-O O-O 6. Re1 d6 7. a4 h6 8. a5 a6
9. Nc3 Be6 10. Nd5 Nb8 11. d4 Bg4 12. Ne3 Bxf3 13. Qxf3 Nc6 14. d5 Nd4 15. Qd1
Nxe4 16. c3 Nb5 17. Nf5 Nf6 18. Qd3 Qd7 19. Bxh6 Ne8 20. Qh3 Rd8 21. Bd3 Bf6
22. Bxg7 1-0

[Event "TOP 16 Poule Haute"]
[Site "Le Port Marly FRA"]
[Date "2009.05.30"]
[Round "10"]
[White "Adla, D."]
[Black "Meier, Geo"]
[Result "0-1"]
[WhiteElo "2508"]
[BlackElo "2641"]
[PlyCount "66"]
[EventDate "2009.05.28"]

1. e4 c5 2. Nf3 e6 3. d4 cxd4 4. Nxd4 Nf6 5. Nc3 d6 6. g4 e5 7. Nf5 Nc6 8. Bc4
Be6 9. Bb3 h5 10. Bxe6 fxe6 11. Ne3 hxg4 12. Nxg4 Nd4 13. Nxf6+ Qxf6 14. Be3
Nf3+ 15. Ke2 a6 16. Qf1 Be7 17. Qg2 Rf8 18. Nb1 d5 19. exd5 exd5 20. Nd2 e4 21.
c3 a5 22. Kd1 a4 23. Nxf3 Qxf3+ 24. Qxf3 Rxf3 25. Kc2 Kd7 26. h4 Rh8 27. Rag1
Bf6 28. Rg2 Ke6 29. Kd2 Rxh4 30. Rxh4 Bxh4 31. Rxg7 Bxf2 32. Bxf2 Rxf2+ 33. Kc1
b5 0-1

[Event "TOP 16 Poule Haute"]
[Site "Le Port Marly FRA"]
[Date "2009.05.30"]
[Round "10"]
[White "Philippe, C."]
[Black "Clery, N."]
[Result "1-0"]
[WhiteElo "2435"]
[BlackElo "2389"]
[PlyCount "35"]
[EventDate "2009.05.28"]

1. e4 c6 2. c4 g6 3. d4 Bg7 4. Nf3 d6 5. Nc3 Bg4 6. Be3 Bxf3 7. gxf3 Qa5 8. Qb3
Qb6 9. c5 dxc5 10. dxc5 Qc7 11. Bc4 e5 12. O-O-O Na6 13. Nb5 cxb5 14. Bxb5+ Kf8
15. Rd7 Ne7 16. Rxc7 Nxc7 17. Bc4 Rb8 18. Rd1 1-0

[Event "TOP 16 Poule Haute"]
[Site "Le Port Marly FRA"]
[Date "2009.05.30"]
[Round "10"]
[White "Nguyen, C."]
[Black "Nezar, M."]
[Result "1-0"]
[WhiteElo "1782"]
[BlackElo "2394"]
[PlyCount "81"]
[EventDate "2009.05.28"]

1. d4 d5 2. Nf3 Nf6 3. c4 c6 4. e3 e6 5. Nbd2 a6 6. Bd3 c5 7. cxd5 exd5 8. O-O
Nc6 9. Re1 Be7 10. e4 cxd4 11. e5 Nd7 12. Nb3 O-O 13. Nbxd4 Nc5 14. Nxc6 bxc6
15. Nd4 Bd7 16. Bc2 Re8 17. Be3 Bf8 18. f4 f6 19. b4 Ne4 20. Bxe4 dxe4 21. Qb3+
Kh8 22. e6 Bc8 23. f5 c5 24. Ne2 g6 25. Rad1 Qe7 26. bxc5 gxf5 27. Nf4 Bh6 28.
Nd5 Bxe3+ 29. Qxe3 Qd8 30. Qd4 Ra7 31. Nxf6 Qxd4+ 32. Rxd4 Rf8 33. Nd7 Re8 34.
Rd6 Kg7 35. c6 a5 36. Rf1 Kg6 37. g4 fxg4 38. Rf6+ Kg7 39. Rf7+ Kh6 40. Rf8
Rxf8 41. e7+ 1-0

[Event "TOP 16 Poule Haute"]
[Site "Le Port Marly FRA"]
[Date "2009.05.30"]
[Round "10"]
[White "Genzling, A."]
[Black "Housieaux, D."]
[Result "1-0"]
[WhiteElo "2317"]
[BlackElo "2420"]
[PlyCount "95"]
[EventDate "2009.05.28"]

1. e4 c6 2. d4 d5 3. Nc3 dxe4 4. Nxe4 Bf5 5. Ng3 Bg6 6. h4 h6 7. Nf3 Nd7 8. h5
Bh7 9. Bd3 Bxd3 10. Qxd3 e6 11. Bd2 Ngf6 12. O-O-O Qc7 13. Ne4 O-O-O 14. g3
Nxe4 15. Qxe4 Nf6 16. Qe2 Bd6 17. c4 c5 18. Bc3 Rhe8 19. Ne5 Re7 20. f4 cxd4
21. Bxd4 Qa5 22. Kb1 Bxe5 23. fxe5 Ne8 24. Rd3 Qa4 25. Rhd1 Red7 26. b3 Qc6 27.
a4 Nc7 28. Bxa7 Na6 29. Bd4 Nb4 30. R3d2 f5 31. exf6 gxf6 32. Bc3 Rxd2 33. Rxd2
Rxd2 34. Bxd2 Qd6 35. Bxb4 Qxb4 36. Qxe6+ Kb8 37. Qe3 Ka8 38. Ka2 Qd6 39. Qxh6
Qxg3 40. Qf8+ Ka7 41. h6 Qf2+ 42. Ka3 Qd4 43. h7 Qa1+ 44. Kb4 Qe1+ 45. Kb5 Qh1
46. h8=Q Qc6+ 47. Kb4 Qb6+ 48. Ka3 1-0

[Event "TOP 16 Poule Haute"]
[Site "Le Port Marly FRA"]
[Date "2009.05.30"]
[Round "10"]
[White "Iglesias, Joa"]
[Black "Van Heirzeele, D."]
[Result "1-0"]
[WhiteElo "2229"]
[BlackElo "2189"]
[PlyCount "59"]
[EventDate "2009.05.28"]

1. d4 Nf6 2. c4 e6 3. Nc3 Bb4 4. a3 Bxc3+ 5. bxc3 Ne4 6. e3 f5 7. Bd3 O-O 8.
Ne2 b6 9. O-O Bb7 10. f3 Ng5 11. Qc2 Nc6 12. e4 fxe4 13. fxe4 Rxf1+ 14. Kxf1
Qf6+ 15. Kg1 Rf8 16. Be3 Ne7 17. Ng3 Qg6 18. e5 Nf5 19. Qd2 Nf7 20. Rf1 N7h6
21. Bxh6 gxh6 22. d5 c6 23. Bxf5 exf5 24. Qf4 cxd5 25. Nxf5 Rxf5 26. Qxf5 Qxf5
27. Rxf5 dxc4 28. Rf6 Kg7 29. Rd6 Bc8 30. Kf2 1-0

[Event "TOP 16 Poule Haute"]
[Site "Le Port Marly FRA"]
[Date "2009.05.30"]
[Round "10"]
[White "Assad, K."]
[Black "Congiu, M."]
[Result "0-1"]
[WhiteElo "2037"]
[BlackElo "2212"]
[PlyCount "60"]
[EventDate "2009.05.28"]

1. d4 d5 2. c4 c6 3. Nc3 Nf6 4. Nf3 dxc4 5. a4 Bf5 6. e3 e6 7. Bxc4 Bb4 8. Qb3
a5 9. O-O Nbd7 10. Bd2 O-O 11. Rfe1 Bg4 12. Be2 Qe7 13. Na2 Bd6 14. Bc3 Ne4 15.
Nc1 b5 16. axb5 cxb5 17. Qxb5 Bxf3 18. Bxf3 Bxh2+ 19. Kf1 Rab8 20. Qh5 Nxc3 21.
bxc3 Bd6 22. Rxa5 e5 23. Qf5 g6 24. Qd3 Rfe8 25. e4 exd4 26. Qxd4 Bc5 27. Qd5
Bb6 28. Ra2 Ne5 29. Bd1 Red8 30. Qb5 Be3 0-1

[Event "TOP 16 Poule Haute"]
[Site "Le Port Marly FRA"]
[Date "2009.05.31"]
[Round "11"]
[White "Tregubov, P."]
[Black "Fontaine, R."]
[Result "1/2-1/2"]
[WhiteElo "2628"]
[BlackElo "2546"]
[PlyCount "53"]
[EventDate "2009.05.28"]

1. d4 Nf6 2. c4 g6 3. Nc3 d5 4. Nf3 Bg7 5. e3 O-O 6. b4 Bg4 7. Bb2 Nc6 8. b5
Na5 9. cxd5 Nxd5 10. Qa4 Bxf3 11. gxf3 c6 12. Nxd5 cxd5 13. Rc1 Qb6 14. Be2 a6
15. Rc5 Nc4 16. Bxc4 dxc4 17. Qxc4 axb5 18. Rxb5 Qc6 19. Qxc6 bxc6 20. Rc5 Rxa2
21. Bc3 Rb8 22. O-O Rc2 23. Ra1 e5 24. Ra6 exd4 25. Bxd4 Rxc5 26. Bxc5 Rc8 27.
Kf1 1/2-1/2

[Event "TOP 16 Poule Haute"]
[Site "Le Port Marly FRA"]
[Date "2009.05.31"]
[Round "11"]
[White "Dussol, P."]
[Black "Feller, S."]
[Result "0-1"]
[WhiteElo "2232"]
[BlackElo "2539"]
[PlyCount "88"]
[EventDate "2009.05.28"]

1. e4 c5 2. Nf3 e6 3. d3 Nc6 4. g3 d5 5. Nbd2 Bd6 6. Bg2 Nge7 7. O-O O-O 8. Nh4
Bd7 9. f4 f6 10. f5 exf5 11. exd5 Ne5 12. Nc4 Nxc4 13. dxc4 g5 14. Nf3 Ng6 15.
Be3 Qc7 16. Qd3 Rae8 17. Rae1 f4 18. gxf4 g4 19. Nd2 f5 20. b4 Nxf4 21. Bxf4
Bxf4 22. bxc5 Bxh2+ 23. Kh1 Rxe1 24. Rxe1 Qd8 25. Qd4 Bg3 26. Rb1 Qh4+ 27. Kg1
Qh2+ 28. Kf1 Be5 29. Qe3 Bf4 30. Qd4 Re8 31. Rb3 Qh4 32. Qf2 Qxf2+ 33. Kxf2
Bxd2 34. Rxb7 Bc8 35. Rc7 f4 36. d6 Be3+ 37. Kf1 f3 38. d7 fxg2+ 39. Kxg2 Bxd7
40. Rxd7 Bxc5 41. Rd5 Bf8 42. Ra5 Re2+ 43. Kg3 Rxc2 44. Ra4 Rc3+ 0-1

[Event "TOP 16 Poule Haute"]
[Site "Le Port Marly FRA"]
[Date "2009.05.31"]
[Round "11"]
[White "Maze, S."]
[Black "Leconte, M."]
[Result "1-0"]
[WhiteElo "2571"]
[BlackElo "2334"]
[PlyCount "73"]
[EventDate "2009.05.28"]

1. e4 e6 2. d4 d5 3. Nc3 Nf6 4. Bg5 Bb4 5. e5 h6 6. Bc1 Ne4 7. Qg4 g6 8. Nge2
c5 9. a3 Ba5 10. dxc5 Bxc3+ 11. Nxc3 Nxc3 12. bxc3 Qc7 13. Qd4 Bd7 14. Bf4 g5
15. Bg3 Nc6 16. Qd2 O-O-O 17. Be2 Qa5 18. O-O d4 19. Rab1 dxc3 20. Qe3 Ne7 21.
Qf3 Nd5 22. Qxf7 Qxc5 23. Rfd1 h5 24. Bf3 h4 25. Bxd5 exd5 26. Rxd5 Qf8 27. e6
hxg3 28. Rxd7 gxh2+ 29. Kh1 Qxf7 30. Rxf7 b6 31. Rxa7 Rhe8 32. Ra8+ Kc7 33.
Rxd8 Rxd8 34. e7 Re8 35. Re1 Kc6 36. Kxh2 Kb5 37. Re4 1-0

[Event "TOP 16 Poule Haute"]
[Site "Le Port Marly FRA"]
[Date "2009.05.31"]
[Round "11"]
[White "Tkachiev, V."]
[Black "Fressinet, L."]
[Result "1/2-1/2"]
[WhiteElo "2657"]
[BlackElo "2664"]
[PlyCount "171"]
[EventDate "2009.05.28"]

1. c4 e6 2. d4 Nf6 3. Nf3 d5 4. g3 dxc4 5. Bg2 c5 6. O-O Nc6 7. dxc5 Bxc5 8.
Qxd8+ Kxd8 9. Nbd2 Ke7 10. Nxc4 Rd8 11. a3 a5 12. Bf4 Nd5 13. Bd2 b6 14. Rfc1
Bb7 15. Rc2 Rac8 16. Rac1 a4 17. e3 h6 18. Ne1 Nf6 19. Bc3 Rc7 20. Bxf6+ Kxf6
21. Nxb6 Bxb6 22. Bxc6 Bxc6 23. Rxc6 Rb7 24. Nf3 Rd5 25. R6c4 Rb5 26. R1c2 Bd8
27. Rd4 Ke7 28. Rxa4 Rxb2 29. Rxb2 Rxb2 30. Ne5 Bc7 31. Ra7 Rc2 32. Nf3 Kf6 33.
a4 Bb6 34. Rb7 Ba5 35. Rb5 Bc7 36. Rb7 Ba5 37. Ra7 Bb4 38. Kf1 Ra2 39. Ra6 Ra1+
40. Kg2 Ra2 41. g4 g5 42. Rc6 Ba5 43. Nd4 Ke7 44. Kf3 Kd7 45. Rc4 Kd6 46. Ne2
Be1 47. h3 Ke5 48. Rc1 Bd2 49. Rc7 Kf6 50. Ng3 Be1 51. Ne4+ Kg6 52. Rc1 Bb4 53.
Rc8 Kg7 54. Rc4 Be1 55. Kg2 Ba5 56. Kf1 Ra1+ 57. Ke2 Ra2+ 58. Kf3 Be1 59. Rc1
Bb4 60. Ng3 Kf6 61. Kg2 Ba5 62. Rc4 Kg6 63. Ne4 Kg7 64. Kg3 Be1 65. Rc1 Ba5 66.
Nc5 Bb4 67. Nb7 Bd2 68. Rd1 Bc3 69. Nc5 Bb4 70. Ne4 Kg6 71. Kg2 Ba5 72. Rd4 Bb6
73. Nc3 Rc2 74. Rd3 Ba5 75. Ne4 Ra2 76. Rd4 Bb6 77. Nc3 Rc2 78. Rd3 Ba5 79. Nd1
Ra2 80. Rd4 Kf6 81. Kf1 Kg6 82. Kg2 Kf6 83. Kf3 Be1 84. Rc4 Rd2 85. Rd4 Ra2 86.
Rc4 1/2-1/2

[Event "TOP 16 Poule Haute"]
[Site "Le Port Marly FRA"]
[Date "2009.05.31"]
[Round "11"]
[White "Skripchenko, A."]
[Black "Levacic, P."]
[Result "1-0"]
[WhiteElo "2449"]
[BlackElo "2307"]
[PlyCount "65"]
[EventDate "2009.05.28"]

1. e4 e6 2. d4 d5 3. Nc3 Nc6 4. Nf3 Nf6 5. e5 Ne4 6. Ne2 h5 7. h4 Ne7 8. c3 Nf5
9. g3 b6 10. Bh3 Be7 11. Bf4 a5 12. Nfg1 g5 13. hxg5 Nxg5 14. Bxf5 exf5 15.
Bxg5 Bxg5 16. Nf3 Bd7 17. Nxg5 Qxg5 18. Qd2 Qg7 19. O-O-O f4 20. Nxf4 Bg4 21.
Rde1 O-O-O 22. Qe3 a4 23. Kd2 a3 24. b3 f6 25. exf6 Qxf6 26. f3 Bf5 27. Nxh5
Qd6 28. g4 Bd7 29. Qe5 Qc6 30. Nf6 Rhf8 31. g5 b5 32. Rh6 Qb7 33. g6 1-0

[Event "TOP 16 Poule Haute"]
[Site "Le Port Marly FRA"]
[Date "2009.05.31"]
[Round "11"]
[White "Govciyan, P."]
[Black "Gaponenko, I."]
[Result "1/2-1/2"]
[WhiteElo "2412"]
[BlackElo "2428"]
[PlyCount "100"]
[EventDate "2009.05.28"]

1. Nf3 d5 2. d4 Nf6 3. c4 e6 4. g3 dxc4 5. Bg2 c5 6. Qa4+ Bd7 7. Qxc4 Bc6 8.
dxc5 Nbd7 9. Be3 Bd5 10. Qa4 Bc6 11. Qc4 Bd5 12. Qc1 Bxc5 13. Bxc5 Rc8 14. Nc3
Rxc5 15. Qe3 Bc6 16. O-O a5 17. Rfd1 O-O 18. Rd4 Qe7 19. Rad1 Rc8 20. Nd2 Re5
21. Qd3 Nc5 22. Qb1 Bxg2 23. Kxg2 Rh5 24. Nde4 Ncxe4 25. Nxe4 Nd5 26. Qd3 h6
27. Nd2 Nb4 28. Qb3 e5 29. Rc4 Qe6 30. h4 Rd8 31. a3 Nc6 32. Rcc1 Qxb3 33. Nxb3
Rxd1 34. Rxd1 e4 35. a4 b5 36. Ra1 bxa4 37. Rxa4 Rb5 38. Ra3 f5 39. g4 fxg4 40.
Kg3 h5 41. Kf4 Kf7 42. Kxe4 g5 43. hxg5 Kg6 44. Kf4 Rxg5 45. Nd2 Nd4 46. Re3
Rf5+ 47. Kg3 Rd5 48. Kf4 Rf5+ 49. Kg3 Rd5 50. Kf4 Rf5+ 1/2-1/2

[Event "TOP 16 Poule Haute"]
[Site "Le Port Marly FRA"]
[Date "2009.05.31"]
[Round "11"]
[White "Libiszewski, F."]
[Black "Hauchard, A."]
[Result "1/2-1/2"]
[WhiteElo "2505"]
[BlackElo "2512"]
[PlyCount "53"]
[EventDate "2009.05.28"]

1. e4 c5 2. Nf3 d6 3. d4 cxd4 4. Nxd4 Nf6 5. Nc3 a6 6. Bg5 e6 7. f4 Qb6 8. Qd2
Qxb2 9. Rb1 Qa3 10. f5 Nc6 11. fxe6 fxe6 12. Nxc6 bxc6 13. e5 dxe5 14. Bxf6
gxf6 15. Ne4 Be7 16. Be2 h5 17. Rb3 Qa4 18. Nxf6+ Bxf6 19. c4 Ra7 20. O-O Rf7
21. Qd6 Be7 22. Qxe5 Rxf1+ 23. Kxf1 O-O+ 24. Kg1 h4 25. Qh5 Qxa2 26. Qg6+ Kh8
27. Qh6+ 1/2-1/2

[Event "TOP 16 Poule Haute"]
[Site "Le Port Marly FRA"]
[Date "2009.05.31"]
[Round "11"]
[White "Edouard, R."]
[Black "Kazhgaleyev, M."]
[Result "1-0"]
[WhiteElo "2594"]
[BlackElo "2626"]
[PlyCount "59"]
[EventDate "2009.05.28"]

1. e4 e5 2. Nf3 d6 3. d4 exd4 4. Nxd4 Nf6 5. Nc3 Be7 6. Bf4 O-O 7. Qd2 a6 8.
O-O-O b5 9. f3 c5 10. Nf5 Bxf5 11. exf5 Nc6 12. g4 b4 13. Nd5 Nxd5 14. Qxd5 Bg5
15. Bxg5 Qxg5+ 16. Kb1 Nd4 17. Bd3 Qf4 18. Qe4 Qh6 19. Rde1 Rad8 20. Bc4 Qh4
21. Bd5 Rd7 22. Rhg1 Qf6 23. f4 a5 24. Qd3 Rb8 25. g5 Qd8 26. g6 Qf6 27. Qh3 h6
28. gxf7+ Kf8 29. Rxg7 Kxg7 30. Qg4+ 1-0

[Event "TOP 16 Poule Haute"]
[Site "Le Port Marly FRA"]
[Date "2009.05.31"]
[Round "11"]
[White "Giroyan, G."]
[Black "Rabineau, C."]
[Result "1-0"]
[WhiteElo "2168"]
[BlackElo "2254"]
[PlyCount "105"]
[EventDate "2009.05.28"]

1. e4 c5 2. Nf3 d6 3. d4 cxd4 4. Nxd4 Nf6 5. Nc3 Nc6 6. Bc4 e6 7. Be3 Be7 8.
Qe2 a6 9. O-O-O Qc7 10. Bb3 O-O 11. g4 Nd7 12. g5 Nc5 13. Rhg1 Bd7 14. Rg3 Rfc8
15. Kb1 b5 16. Nf5 Nxb3 17. Nxe7+ Nxe7 18. axb3 b4 19. Na4 Bxa4 20. bxa4 d5 21.
exd5 Nxd5 22. Bd4 a5 23. Rd2 Re8 24. Rh3 e5 25. Qe4 exd4 26. Qxh7+ Kf8 27. Qh8+
Ke7 28. Qxg7 Qc4 29. Rhd3 Kd6 30. Rxd4 Re1+ 31. Rd1 Rxd1+ 32. Rxd1 Kc6 33. g6
Rd8 34. Rd4 Qf1+ 35. Ka2 fxg6 36. Qxg6+ Kc5 37. Rd3 b3+ 38. Rxb3 Qc4 39. Ka3
Rd6 40. Rb5+ Kc6 41. Qf7 Rf6 42. Qa7 Kd6 43. Qxa5 Rf3+ 44. b3 Qd4 45. Qd8+ Kc6
46. Qa8+ Kd6 47. Qb8+ Kc6 48. Qe8+ Kc7 49. c3 Qd1 50. Qe5+ Kc6 51. Qe6+ Kc7 52.
Rc5+ Kb8 53. Qd6+ 1-0

[Event "TOP 16 Poule Haute"]
[Site "Le Port Marly FRA"]
[Date "2009.05.31"]
[Round "11"]
[White "Svidler, P."]
[Black "Prie, E."]
[Result "1-0"]
[WhiteElo "2726"]
[BlackElo "2504"]
[PlyCount "69"]
[EventDate "2009.05.28"]

1. d4 d5 2. c4 c6 3. Nc3 Nf6 4. Nf3 a6 5. e3 Bf5 6. Qb3 b5 7. c5 a5 8. Ne5 a4
9. Qd1 Ne4 10. g4 Bc8 11. Bg2 Nxc3 12. bxc3 e6 13. e4 Be7 14. O-O O-O 15. f4
Qc7 16. Nd3 Nd7 17. g5 f5 18. exd5 exd5 19. Re1 Re8 20. Rb1 Bb7 21. Rb2 Bf8 22.
Rbe2 Re4 23. Nf2 Rd8 24. Nxe4 dxe4 25. Qc2 g6 26. a3 Bg7 27. Qa2+ Kh8 28. Bxe4
fxe4 29. Rxe4 Rf8 30. Re7 Bc8 31. Rf7 Qd8 32. Ree7 Re8 33. Qe6 Rxe7 34. Rxe7
Nf6 35. Qf7 1-0

[Event "TOP 16 Poule Haute"]
[Site "Le Port Marly FRA"]
[Date "2009.05.31"]
[Round "11"]
[White "Milliet, S."]
[Black "Benmesbah, N."]
[Result "1/2-1/2"]
[WhiteElo "2379"]
[BlackElo "2137"]
[PlyCount "75"]
[EventDate "2009.05.28"]

1. e4 c5 2. Nf3 d6 3. d4 cxd4 4. Nxd4 Nf6 5. Nc3 g6 6. Be3 Bg7 7. f3 O-O 8. Qd2
Nc6 9. Bc4 Bd7 10. O-O-O Rc8 11. Bb3 Ne5 12. h4 h5 13. Bg5 Rc5 14. Kb1 b5 15.
g4 hxg4 16. f4 Nc4 17. Qe2 Qc8 18. Bxf6 Bxf6 19. Nd5 Rxd5 20. exd5 a5 21. h5 g5
22. fxg5 Bxg5 23. Nc6 Bxc6 24. dxc6 Ne5 25. Qxb5 Qxc6 26. Qxa5 Kh8 27. Bd5 Qc8
28. Qb5 Qc7 29. Rhf1 f5 30. a4 Rb8 31. Qe2 f4 32. Qe4 f3 33. Qf5 Bf6 34. Be4
Kg8 35. Bd5+ Kh8 36. Be4 Kg8 37. Bd5+ Kh8 38. Be4 1/2-1/2

[Event "TOP 16 Poule Basse"]
[Site "Le Port Marly FRA"]
[Date "2009.05.28"]
[Round "8"]
[White "Delchev, A."]
[Black "Kotronias, V."]
[Result "0-1"]
[WhiteElo "2648"]
[BlackElo "2610"]
[PlyCount "58"]
[EventDate "2009.05.28"]

1. e4 c5 2. Nf3 Nc6 3. d4 cxd4 4. Nxd4 Nf6 5. Nc3 e5 6. Ndb5 d6 7. Bg5 a6 8.
Na3 b5 9. Bxf6 gxf6 10. Nd5 f5 11. c3 Bg7 12. Bd3 Be6 13. Nxb5 axb5 14. Bxb5
Bd7 15. exf5 e4 16. O-O O-O 17. a4 Re8 18. Qg4 Kh8 19. Rad1 Rc8 20. Rfe1 Re5
21. Ne3 Qf6 22. Qh5 Bxf5 23. Nxf5 Rxf5 24. Qh3 Ne5 25. Rxe4 Rg8 26. Rf1 Qg6 27.
Re3 Rh5 28. Qg3 Qh6 29. Re4 Rxh2 0-1

[Event "TOP 16 Poule Basse"]
[Site "Le Port Marly FRA"]
[Date "2009.05.28"]
[Round "8"]
[White "Nataf, IA."]
[Black "Mchedlishvili, M."]
[Result "1/2-1/2"]
[WhiteElo "2533"]
[BlackElo "2586"]
[PlyCount "49"]
[EventDate "2009.05.28"]

1. e4 c5 2. Nf3 e6 3. d4 cxd4 4. Nxd4 g6 5. Nd2 d6 6. g3 b6 7. Bg2 Bb7 8. b3
Nf6 9. Bb2 Qc7 10. c4 Nbd7 11. Qe2 a6 12. O-O Bg7 13. Rac1 O-O 14. Nc2 Rad8 15.
f4 h5 16. Ne3 Nc5 17. Nd1 Qb8 18. b4 Ncd7 19. h3 Qa8 20. Nf2 Ne8 21. a3 Nb8 22.
e5 dxe5 23. Bxb7 Qxb7 24. fxe5 Bh6 25. Rc2 1/2-1/2

[Event "TOP 16 Poule Basse"]
[Site "Le Port Marly FRA"]
[Date "2009.05.28"]
[Round "8"]
[White "Miralles, G."]
[Black "Miton, K."]
[Result "0-1"]
[WhiteElo "2477"]
[BlackElo "2596"]
[PlyCount "98"]
[EventDate "2009.05.28"]

1. d4 d5 2. c4 c6 3. Nc3 Nf6 4. Nf3 dxc4 5. a4 e6 6. e3 c5 7. Bxc4 Nc6 8. O-O
cxd4 9. exd4 Be7 10. Qe2 O-O 11. Rd1 Nb4 12. Bf4 b6 13. Ne5 Bb7 14. Bg3 Nfd5
15. Na2 Rc8 16. Nxb4 Nxb4 17. Rac1 Bg5 18. Rc3 Qe7 19. Rb3 a5 20. Rc3 Rfd8 21.
Bb5 Ba8 22. f4 Bf6 23. Rdc1 Rxc3 24. bxc3 Nd5 25. c4 Qa3 26. Qd2 Ne7 27. Bf2
Nf5 28. d5 Qd6 29. Qe2 g6 30. Bc6 Bxc6 31. Nxc6 Rc8 32. Qe4 Qa3 33. Re1 Qxa4
34. Bxb6 Nd6 35. Qd3 Qxc4 36. Rd1 Qxd3 37. Rxd3 Nc4 38. Bd4 exd5 39. Bxf6 Rxc6
40. Ba1 Rb6 41. Kf2 Rb5 42. g4 a4 43. h4 Kf8 44. f5 a3 45. f6 a2 46. Rd1 Rb1
47. Rxd5 Ke8 48. Bc3 Nb2 49. Ba5 Rd1 0-1

[Event "TOP 16 Poule Basse"]
[Site "Le Port Marly FRA"]
[Date "2009.05.28"]
[Round "8"]
[White "Acher, M."]
[Black "Degraeve, JM."]
[Result "0-1"]
[WhiteElo "2381"]
[BlackElo "2558"]
[PlyCount "61"]
[EventDate "2009.05.28"]

1. e4 e5 2. Nf3 d6 3. d4 exd4 4. Nxd4 Nf6 5. Nc3 Be7 6. Be2 O-O 7. O-O Re8 8.
Bf3 Bf8 9. g4 Nc6 10. g5 Nxd4 11. Qxd4 Nd7 12. Bg2 c6 13. Bf4 Ne5 14. Bg3 Qb6
15. Qxb6 axb6 16. a4 f5 17. gxf6 gxf6 18. Rad1 Bg4 19. f3 Bh5 20. b3 Rad8 21.
Ne2 Bf7 22. Bf2 Nd7 23. Nd4 d5 24. exd5 Bxd5 25. c4 Bf7 26. f4 Nc5 27. Bh4 Bh5
28. Bf3 Bxf3 29. Nxf3 Rxd1 30. Rxd1 Kf7 31. Kf1 0-1

[Event "TOP 16 Poule Basse"]
[Site "Le Port Marly FRA"]
[Date "2009.05.28"]
[Round "8"]
[White "Marzolo, C."]
[Black "Cochet, C."]
[Result "1-0"]
[WhiteElo "2476"]
[BlackElo "2052"]
[PlyCount "77"]
[EventDate "2009.05.28"]

1. d4 d5 2. Nf3 Nf6 3. c4 e6 4. Qc2 Nbd7 5. Bg5 Bb4+ 6. Nbd2 O-O 7. a3 Be7 8.
Rc1 c6 9. c5 Qc7 10. Bh4 Re8 11. Bg3 Qd8 12. h3 Nf8 13. e3 Ng6 14. Bd3 Nd7 15.
O-O Bf6 16. e4 e5 17. exd5 cxd5 18. Bxg6 hxg6 19. dxe5 Nxe5 20. Nxe5 Bxe5 21.
Bxe5 Rxe5 22. Nf3 Re8 23. Rfd1 Be6 24. b4 Qf6 25. Qc3 Rac8 26. Nd4 a6 27. a4
Rc7 28. Qg3 Rec8 29. Rc3 Qe7 30. Re3 Qf6 31. Rf3 Qe7 32. Re1 Kh7 33. a5 Re8 34.
Rfe3 Rcc8 35. Nf3 Qf6 36. Ng5+ Kg8 37. Qh4 d4 38. Rf3 Qd8 39. Rxe6 1-0

[Event "TOP 16 Poule Basse"]
[Site "Le Port Marly FRA"]
[Date "2009.05.28"]
[Round "8"]
[White "Bokias, I."]
[Black "Delorme, L."]
[Result "1/2-1/2"]
[WhiteElo "2046"]
[BlackElo "2177"]
[PlyCount "118"]
[EventDate "2009.05.28"]

1. d4 d5 2. Bf4 Nf6 3. e3 c5 4. c3 Nc6 5. Nf3 Qb6 6. Qb3 c4 7. Qc2 Bf5 8. Qc1
h6 9. h3 e6 10. Nbd2 Be7 11. Be2 Qd8 12. b3 cxb3 13. axb3 Rc8 14. Qb2 O-O 15.
O-O a6 16. Rfc1 Ne8 17. c4 Nb4 18. Rc3 Nc7 19. c5 f6 20. Ra4 Nc6 21. b4 Nb5 22.
Rc1 Qe8 23. Nb1 Nca7 24. Ra2 g5 25. Bg3 Qg6 26. Nc3 Bd3 27. Nxb5 Nxb5 28. Qb3
Bxe2 29. Rxe2 g4 30. hxg4 Qxg4 31. Qd3 Bd6 32. Bxd6 Nxd6 33. Nd2 f5 34. f3 Qg3
35. Nf1 Qg7 36. Rec2 Nb5 37. f4 Na7 38. Rf2 Rf6 39. Nd2 Rg6 40. Nf3 Kh8 41. Ne5
Rg3 42. Qe2 Rg8 43. Rc2 Nc6 44. Nxc6 bxc6 45. Ra2 Qg6 46. Rf3 Rg4 47. Rh3 Qg7
48. Rh2 Qb7 49. Rxh6+ Kg7 50. Rxe6 Kf7 51. Rh6 Qxb4 52. Qxa6 Qe1+ 53. Qf1 Qxe3+
54. Kh2 Rxf4 55. Ra7+ Kf8 56. Qb1 Rf1 57. Qxf1 Qxh6+ 58. Kg1 Qe3+ 59. Qf2 Qc1+
1/2-1/2

[Event "TOP 16 Poule Basse"]
[Site "Le Port Marly FRA"]
[Date "2009.05.28"]
[Round "8"]
[White "Legky, N."]
[Black "Dobrev, Nan"]
[Result "1-0"]
[WhiteElo "2468"]
[BlackElo "2366"]
[PlyCount "104"]
[EventDate "2009.05.28"]

1. d4 Nf6 2. c4 e6 3. Nc3 d5 4. cxd5 exd5 5. Bg5 c6 6. e3 Bf5 7. Qf3 Bg6 8.
Bxf6 gxf6 9. Qd1 Qb6 10. Qd2 Bd6 11. Nf3 Be4 12. Be2 Rg8 13. O-O Qc7 14. g3 f5
15. Qe1 Nd7 16. Nh4 O-O-O 17. Rc1 f4 18. Nb5 fxg3 19. f4 Be7 20. Nf5 gxh2+ 21.
Kxh2 Rg2+ 22. Kh3 Bxf5+ 23. Kxg2 Qb6 24. Rh1 Be4+ 25. Kf2 Rg8 26. Rh2 Nf6 27.
a4 Kb8 28. a5 Qd8 29. Nc3 Ng4+ 30. Bxg4 Bh4+ 31. Rxh4 Qxh4+ 32. Ke2 Qxg4+ 33.
Kd2 Qf5 34. Na4 Rg2+ 35. Kc3 Bc2 36. Nc5 b6 37. axb6 axb6 38. Na6+ Kb7 39. Nb4
Be4 40. Qf1 b5 41. Kb3 Rg6 42. Ra1 Rg3 43. Qc1 Qe6 44. Nxc6 Rxe3+ 45. Kb4 Qxc6
46. Ra7+ Kxa7 47. Qxc6 Bd3 48. Qd7+ Kb6 49. f5 Bc4 50. Qd6+ Kb7 51. Ka5 Rh3 52.
Qd7+ Kb8 1-0

[Event "TOP 16 Poule Basse"]
[Site "Le Port Marly FRA"]
[Date "2009.05.28"]
[Round "8"]
[White "Colovic, A."]
[Black "Todorov, T."]
[Result "1/2-1/2"]
[WhiteElo "2443"]
[BlackElo "2163"]
[PlyCount "61"]
[EventDate "2009.05.28"]

1. c4 Nf6 2. Nc3 g6 3. g3 Bg7 4. Bg2 O-O 5. d4 c6 6. Nf3 d6 7. O-O a6 8. e4 Bg4
9. Qb3 Qc7 10. Be3 Nbd7 11. Nd2 e5 12. d5 cxd5 13. cxd5 Nc5 14. Qc2 b5 15. Rfc1
Rfc8 16. Qb1 Qd8 17. b4 Na4 18. Nxa4 bxa4 19. Rc6 Bd7 20. Rxd6 Ne8 21. Rb6 Bh6
22. Qe1 Rc2 23. Nf3 Bxe3 24. Qxe3 Qc7 25. Bf1 Rc3 26. Rc6 Rxc6 27. dxc6 Bxc6
28. Rc1 Qb7 29. Nxe5 Bxe4 30. Bc4 Bd5 31. a3 1/2-1/2

[Event "TOP 16 Poule Basse"]
[Site "Le Port Marly FRA"]
[Date "2009.05.28"]
[Round "8"]
[White "Komarov, Di"]
[Black "Shoker, S."]
[Result "1-0"]
[WhiteElo "2530"]
[BlackElo "2404"]
[PlyCount "139"]
[EventDate "2009.05.28"]

1. d4 g6 2. Nf3 Bg7 3. c4 d6 4. Nc3 Nf6 5. e4 O-O 6. Be2 Bg4 7. Be3 Nfd7 8. Rc1
a6 9. d5 Bxf3 10. Bxf3 b5 11. cxb5 axb5 12. O-O c5 13. dxc6 Nxc6 14. Nxb5 Qa5
15. Be2 Nc5 16. Nxd6 exd6 17. Qxd6 Nd4 18. Bxd4 Nxe4 19. Qc6 Bxd4 20. Qxe4 Bxb2
21. Rc2 Qxa2 22. Bc4 Qa3 23. Bxf7+ Rxf7 24. Rxb2 Qxb2 25. Qxa8+ Kg7 26. Qd5 Ra7
27. g3 Ra1 28. Qd7+ Kg8 29. Qe8+ Kg7 30. Qe7+ Kg8 31. Qe4 Rxf1+ 32. Kxf1 Qc1+
33. Kg2 Kg7 34. g4 g5 35. h4 gxh4 36. Qe7+ Kg6 37. Qxh4 Qc6+ 38. Kh2 Qd5 39.
Qe7 Qf3 40. Qe8+ Kg7 41. Qe5+ Kg6 42. Qg3 Qe2 43. Qg2 Qe5+ 44. Kh3 Kg5 45. Qg3
Qe4 46. Qh4+ Kg6 47. Qh5+ Kg7 48. Qg5+ Kf7 49. Kg3 Qd3+ 50. Qe3 Qf1 51. f4 h6
52. f5 Qa6 53. Qb3+ Kg7 54. Qe6 Qd3+ 55. Kf4 Qd4+ 56. Qe4 Qf2+ 57. Ke5 Qc5+ 58.
Qd5 Qc7+ 59. Ke4 Qc2+ 60. Qd3 Qg2+ 61. Ke5 Qc6 62. Qd4 Qe8+ 63. Kd6+ Kh7 64.
Qa7+ Kg8 65. Qa2+ Kg7 66. Qb2+ Kg8 67. Qb3+ Kh7 68. Qe6 Qb8+ 69. Ke7 Qc7+ 70.
Qd7 1-0

[Event "TOP 16 Poule Basse"]
[Site "Le Port Marly FRA"]
[Date "2009.05.28"]
[Round "8"]
[White "Eliet, N."]
[Black "Karr, JP."]
[Result "1/2-1/2"]
[WhiteElo "2429"]
[BlackElo "2388"]
[PlyCount "36"]
[EventDate "2009.05.28"]

1. c4 c5 2. g3 Nf6 3. Bg2 d5 4. cxd5 Nxd5 5. Nc3 Nc7 6. Qa4+ Bd7 7. Qb3 Bc6 8.
Bxc6+ Nxc6 9. Qxb7 Nd4 10. Qe4 f5 11. Qb1 g6 12. e3 Nc6 13. d3 Bg7 14. Nf3 Rb8
15. Bd2 Nb5 16. Nxb5 Rxb5 17. O-O Rxb2 18. Qc1 Qxd3 1/2-1/2